Sports Quiz

Random Sports or Basketball Quiz

Female Basketball Players from Serbia Quiz Stats

 Plays Quiz not verified by Sporcle

Support Sporcle.
Go Orange.
Score 0/13 Timer 05:00
0 Plays Today
% Correct
Ana Dabovic
96.3%
Milica Dabovic
93.3%
Sonja Petrovic
82.8%
Jelena Milovanovic
74.2%
Danielle Page
72.4%
Marina Maljkovic
68.1%
Tamara Radocaj
61.3%
Nevena Jovanovic
57.1%
Dajana Butulija
53.4%
Sasa Cadjo
50.3%
Sara Krnjic
44.2%
Aleksandra Crvendakic
38.7%
Dragana Stankovic
31.3%

You're not logged in!

Compare scores with friends on all Sporcle quizzes.
OR
Log In

From the Vault

2010 Movies by Poster

by RobPro

This quiz might have the least amount of sequels that we've seen in a poster quiz. Give 2010 a medal for originality!
Remove Ads.
Support Sporcle.
Get the best of Sporcle when you Go Orange. This ad-free experience offers more features, more stats, and more fun while also helping to support Sporcle. Thank you for becoming a member.

Show Comments

Extras

Created Feb 1, 2017ReportNominate
Tags:Basketball Quiz, Serbia, Women

Top Quizzes Today


Score Distribution

Your Account Isn't Verified!

In order to create a playlist on Sporcle, you need to verify the email address you used during registration. Go to your Sporcle Settings to finish the process.

Report this User

Report this user for behavior that violates our Community Guidelines.

Details: